| 000 | 01210nam a2200229Ia 4500 | ||
|---|---|---|---|
| 003 | Ost | ||
| 005 | 20260507075257.0 | ||
| 008 | 260507s9999||||xx |||||||||||||| ||und|| | ||
| 020 | _a2785160977 | ||
| 040 | _cfsecg | ||
| 041 | _aara | ||
| 082 | _a330 | ||
| 100 |
_aخالد، هشام _eمؤلف |
||
| 245 | 0 |
_aالبنوك الاسلامية الدولية و عقودها مع اشارة خاصة لنظام التأجير التمويلي / _c هشام خالد |
|
| 260 |
_aالاسكندرية: _bدار الفكر الجامعي, _c2007 |
||
| 300 |
_a226 صفحة؛ _c25 سم |
||
| 520 | _a1) التعريف بالبنوك الاسلامية الدولية و عقودها : المشاركة في رأس مال المشروعات المنتجة ، القروض دون فائدة ، البيع بالاجل ، التمويل عن طريق المشاركة في الفوائد2) التأجير التمويلي في نطاق البنوك المعنية : ماهية التأجير التمويلي و أطرافه و عناصر نظام التأجير التمويلي . | ||
| 653 | _aالبنوك | ||
| 653 | _aالبنوك الاسلامية | ||
| 653 | _aالتمويل | ||
| 942 | _cكتاب | ||
| 999 |
_c43761 _d43761 |
||